| Tag |
First Indicator |
Second Indicator |
Subfields |
| LEADER |
00000cam a2200000Ii 4500 |
| 001 |
in00003530367 |
| 005 |
20151105222128.0 |
| 008 |
150409t20152015enka 001 0 eng d |
| 015 |
|
|
|a GBB504237
|2 bnb
|
| 016 |
7 |
|
|a 017009105
|2 Uk
|
| 019 |
|
|
|a 892891701
|
| 020 |
|
|
|a 9780500291795
|
| 020 |
|
|
|a 0500291799
|
| 029 |
1 |
|
|a UNITY
|b 135662079
|
| 029 |
1 |
|
|a NZ1
|b 15937102
|
| 029 |
1 |
|
|a AU@
|b 000054771641
|
| 029 |
1 |
|
|a CHVBK
|b 333014189
|
| 029 |
1 |
|
|a CHDSB
|b 006372283
|
| 029 |
1 |
|
|a CHVBK
|b 334771706
|
| 029 |
1 |
|
|a CHSLU
|b 001199911
|
| 035 |
|
|
|a (OCoLC)ocn906913469
|
| 035 |
|
|
|a (OCoLC)906913469
|
| 040 |
|
|
|a SITPL
|c SITPL
|e rda
|d BTCTA
|d BDX
|d ERASA
|d CDX
|d UKMGB
|d UAB
|d CHVBK
|d YDXCP
|d CLE
|d UtOrBLW
|
| 049 |
|
|
|a TXAM
|
| 050 |
|
4 |
|a TS1475
|b .O44 2015
|
| 082 |
0 |
4 |
|a 746
|2 23
|
| 100 |
1 |
|
|a O'Meara, Kristi,
|e author.
|
| 245 |
1 |
4 |
|a The pattern base :
|b over 550 contemporary textile and surface designs /
|c Kristi O' Meara ; edited by Audrey Victoria Keiffer.
|
| 264 |
|
1 |
|a London :
|b Thames & Hudson,
|c 2015.
|
| 264 |
|
4 |
|c ©2015
|
| 300 |
|
|
|a 368 pages :
|b color illustrations ;
|c 25 cm
|
| 336 |
|
|
|a text
|b txt
|2 rdacontent
|
| 337 |
|
|
|a unmediated
|b n
|2 rdamedia
|
| 338 |
|
|
|a volume
|b nc
|2 rdacarrier
|
| 500 |
|
|
|a Includes index.
|
| 650 |
|
0 |
|a Repetitive patterns (Decorative arts)
|
| 650 |
|
0 |
|a Textile design.
|
| 650 |
|
0 |
|a Textile fabrics.
|
| 650 |
|
0 |
|a Graphic arts.
|
| 650 |
|
7 |
|a Muster.
|0 (DE-588)4199479-6
|2 gnd
|
| 650 |
|
7 |
|a Ornament.
|0 (DE-588)4043886-7
|2 gnd
|
| 700 |
1 |
|
|a Keiffer, Audrey Victoria.
|
| 938 |
|
|
|a Baker and Taylor
|b BTCP
|n BK0015804937
|
| 938 |
|
|
|a Brodart
|b BROD
|n 111215846
|
| 938 |
|
|
|a Erasmus Boekhandel
|b ERAA
|n NTS0000196903
|
| 938 |
|
|
|a Coutts Information Services
|b COUT
|n 29776717
|
| 938 |
|
|
|a YBP Library Services
|b YANK
|n 12086061
|
| 947 |
|
|
|a A14842877665
|
| 945 |
|
|
|a PromptCat
|b 240797
|
| 946 |
|
|
|a stk
|
| 994 |
|
|
|a 92
|b TXA
|
| 948 |
|
|
|a Cataloged
|b h
|c 2015/7/2
|d c
|e AReeder
|
| 999 |
|
|
|a MARS
|
| 999 |
f |
f |
|s 41e53a7d-6e14-3365-8977-bab783f7d34a
|i 83baf4e3-507d-31dc-810b-9623262e1afa
|t 0
|
| 952 |
f |
f |
|p normal
|a Texas A&M University
|b College Station
|c Sterling C. Evans Library
|d Evans: Library Stacks
|t 0
|e TS1475 .O44 2015
|h Library of Congress classification
|i unmediated -- volume
|m A14842877665
|
| 998 |
f |
f |
|a TS1475 .O44 2015
|t 0
|l Evans: Library Stacks
|